Statystyki dla Rozpoznaj tor F1 po jego fragmencie #2

Kliknij tutaj aby rozwiązać quiz!

Ogólne statystyki

  • Ten quiz został rozwiązany 44 razy
  • Średni wynik to 4 z 8

Statystyki odpowiedzi

Odpowiedź% Poprawnych
Nürburgring
83%
Shanghai International Circuit[
58%
Sochi
58%
Autódromo Internacional do Algarve
44%
Mugello
36%
Sepang
31%
Buddh International Circuit
25%
Istanbul Park
22%

Rozkład punktacji

Percentyl według liczby udzielonych odpowiedzi

Procent ludzi z każdym wynikiem

Twoja historia wyników

Nie rozwiązałeś tego quizu